000 00727nam a2200205Ii 4500
003 JO-AjNU
008 230605s9999||||xx |||||||||||||| ||und||
020 _a9953-432-42-2
040 _aJO-AjNU
_bara
_erda
_cJO-AjNU
041 _aara
050 1 4 _aPJ7642.S52 2005
100 3 _aالشنقيطي، أحمد الأمين,
_eauthor
_956407
245 0 0 _aشرح المعلقات العشر وأخبار شعرائها
264 3 1 _aبيروت: المكتبة العصرية، 2005
300 _a256ص
336 _atext
_btxt
_2rdacontent
337 _aunmediated
_bn
_2rdamedia
338 _avolume
_bnc
_2rdacarrier
650 4 _aالشعر العربي-تاريخ ونقد-العصر الجاهلي-المعلقات
_956408
999 _aA25216
_c28784
_d28784